Тепловой расчет электрогидравлических толкателей; Известия Томского политехнического института [Известия ТПИ]; Т. 284 : Электрические машины

Bibliografiske detaljer
Parent link:Известия Томского политехнического института [Известия ТПИ]/ Томский политехнический институт (ТПИ).— , 1944-1976
Т. 284 : Электрические машины.— 1974.— [С. 69-76]
Andre forfattere: Вэрэш Л. Н., Гусельников Э. М., Санников Д. И., Жадан В. А. Валерий Афанасьевич
Summary:Заглавие с титульного листа
Электронная версия печатной публикации
На основании общих положений метода эквивалентных схем замещения, исходя из особенностей температурного поля, составлена эквивалентная схема замещения электрогидравлического толкателя, путем преобразования которой определяются средние температуры отдельных частей гидротолкателя. Приведены зависимости коэффициентов теплоотдачи различных частей электрогидротолкателя от окружной скорости ротора, от температуры корпуса и температуры масла, заполняющего внутреннее пространство толкателя. Дается пример расчета гидротолкателя ТГМ-50.
Sprog:russisk
Udgivet: 1974
Fag:
Online adgang:Черно-белая версия для предварительного просмотра
Цветная версия без потери качества
Format: Electronisk Book Chapter
KOHA link:https://koha.lib.tpu.ru/cgi-bin/koha/opac-detail.pl?biblionumber=238962

MARC

LEADER 00000nla2a2200000 4500
001 238962
005 20231031205310.0
035 |a (RuTPU)RU\TPU\book\260173 
035 |a RU\TPU\book\260172 
090 |a 238962 
100 |a 20130603d1974 k y0rusy50 ca 
101 0 |a rus 
102 |a RU 
135 |a drnn ---uucaa 
181 0 |a i  
182 0 |a b 
200 1 |a Тепловой расчет электрогидравлических толкателей  |b Электронный ресурс  |f Л. Н. Вэрэш [и др.] 
203 |a Текст  |c электронный 
215 |a 2 файла (216 Кб, 8.4 Мб) 
230 |a Электронные текстовые данные (2 файла : 216 Кб, 8.4 Мб) 
300 |a Заглавие с титульного листа 
300 |a Электронная версия печатной публикации 
320 |a [Библиогр.: с. 76 (4 назв.)] 
330 |a На основании общих положений метода эквивалентных схем замещения, исходя из особенностей температурного поля, составлена эквивалентная схема замещения электрогидравлического толкателя, путем преобразования которой определяются средние температуры отдельных частей гидротолкателя. Приведены зависимости коэффициентов теплоотдачи различных частей электрогидротолкателя от окружной скорости ротора, от температуры корпуса и температуры масла, заполняющего внутреннее пространство толкателя. Дается пример расчета гидротолкателя ТГМ-50. 
337 |a Adobe Reader 
461 1 |0 (RuTPU)RU\TPU\book\200995  |t Известия Томского политехнического института [Известия ТПИ]  |f Томский политехнический институт (ТПИ)  |d 1944-1976 
463 1 |0 (RuTPU)RU\TPU\book\260148  |t Т. 284 : Электрические машины  |v [С. 69-76]  |d 1974  |p 176 с. 
610 1 |a электронный ресурс 
610 1 |a труды учёных ТПУ 
675 |a 621.313.017  |v 3 
701 1 |a Вэрэш  |b Л. Н. 
701 1 |a Гусельников  |b Э. М. 
701 1 |a Санников  |b Д. И. 
701 1 |a Жадан  |b В. А.  |c специалист в области организации высшего профессионального образования  |c начальник учебно-методического отдела Томского политехнического университета  |g Валерий Афанасьевич  |2 stltpush  |3 (RuTPU)RU\TPU\pers\26828 
801 1 |a RU  |b 63413507  |c 20090320  |g PSBO 
801 2 |a RU  |b 63413507  |c 20130618  |g PSBO 
856 4 |u http://www.lib.tpu.ru/fulltext/v/Bulletin_TPU/1974/v284/13_bw.pdf  |z Черно-белая версия для предварительного просмотра 
856 4 |u http://www.lib.tpu.ru/fulltext/v/Bulletin_TPU/1974/v284/13_full.pdf  |z Цветная версия без потери качества 
942 |c CF